000 01401nam0a2200313 i 4500
001 RU\NLR\BIBL_A\011321720
005 20260405104841.0
010 _a9785845920003
_9400
021 _aRU
_b2017-430
_932
035 _a(NLR Aleph) 011321720
090 _a11082266
_c11082266
100 _a20170207d2017 um y0rusy50 ca
101 1 _arus
_ceng
102 _aRU
105 _aa|||z|||001zy
200 1 _aЭффективный и современный C++
_e42 рекомендации по использованию C++11 и C++14
_fСкотт Мейерс
_g[пер. с англ. и ред.: к.т.н. И. В. Красикова]
210 _aМосква [и др.]
_cВильямс
_d2017
215 _a303 с.
_cил.
_d25
300 _aЗагл. и авт. ориг.: Effective modern C++ / Scott Meyers
320 _aПредм. указ.: с. 301-303
454 0 _12001#$aEffective modern C++
_1700#1$aMeyers$bS.$gScott$f1959-$3RU\NLR\AUTH\77106149
_tEffective modern C++
_aMeyers, Scott (1959-)
606 1 _aC++ 11, язык программирования
_92319713
_3RU\NLR\AUTH\6601612814
606 1 _aC++ 14, язык программирования
_92319717
_3RU\NLR\AUTH\6601612815
686 1 _aЗ973.23-018.1
700 1 _4070
_8rus
_7ca
_aМейерс
_bС.
_f1959-
_gСкотт
_3RU\NLR\AUTH\7740234
_923186
942 _cBOOK
980 _aNBR